| 000 | 00413pam a2200157 a 4500 | ||
|---|---|---|---|
| 020 |
_a9780781771375 _c |
||
| 041 | _aeng | ||
| 082 |
_a616.15 _bHOF/BEN |
||
| 100 | _aROSEN, P.P. | ||
| 245 |
_aROSEN,S BREAST PATHOLOGY / _cNULL. _hTextual Documents |
||
| 250 |
_a3 ED/ _b. |
||
| 260 |
_aNULL : _bWOLTER,S KLUWER, LWW , _c2009. |
||
| 300 |
_aROSEN : : _bP ; ; _cP . + _ePB. |
||
| 930 | _a3207 | ||
| 999 |
_c797741 _d797741 |
||
| 650 | _aPATHOLOGY | ||